NLSUI OPAC header image

Compulsory licensing in knowledge economy : It is now or never : what, why, and when about CL (Record no. 34012)

MARC details
000 -LEADER
fixed length control field 01118nam a2200217Ia 4500
003 - CONTROL NUMBER IDENTIFIER
control field OSt
005 - DATE AND TIME OF LATEST TRANSACTION
control field 20210623103034.0
008 - FIXED-LENGTH DATA ELEMENTS--GENERAL INFORMATION
fixed length control field 160316s2012 xxu||||| |||| 00| 0 eng d
020 ## - INTERNATIONAL STANDARD BOOK NUMBER
International Standard Book Number 9788192120447
040 ## - CATALOGING SOURCE
Transcribing agency n
082 ## - DEWEY DECIMAL CLASSIFICATION NUMBER
Classification number 346.048600
Item number SAT
100 ## - MAIN ENTRY--PERSONAL NAME
Personal name Sathe Milind V
245 ## - TITLE STATEMENT
Title Compulsory licensing in knowledge economy : It is now or never : what, why, and when about CL
260 ## - PUBLICATION, DISTRIBUTION, ETC.
Place of publication, distribution, etc. New Delhi
Name of publisher, distributor, etc. Satyam Law International
Date of publication, distribution, etc. 2012
300 ## - PHYSICAL DESCRIPTION
Extent 442p
Dimensions xvii
365 ## - TRADE PRICE
Price amount Rs. 1,295
505 ## - FORMATTED CONTENTS NOTE
Formatted contents note Contents: <br/>1. What is patent monopoly?; <br/>2. Compulsory licensing? past and present; <br/>3. Need for compulsory licensing; <br/>4. How is CL viewed in WTO TRIPs and DOHA declaration?; <br/>5. Essential precursor conditions for compulsory licensing; <br/>6. Some additional pre-requisites for effective compulsory licensing; <br/>7. TRIPs on compulsory licensing; <br/>8. Exemplary cases of compulsory licensing; <br/>9. Practical hurdles/barriers in effective implementation of compulsory licensing; <br/>10. Role of public and apex bodies.
650 ## - SUBJECT ADDED ENTRY--TOPICAL TERM
Topical term or geographic name entry element 1. Compulsory Licensing Of Patents
700 ## - ADDED ENTRY--PERSONAL NAME
Personal name
--
942 ## - ADDED ENTRY ELEMENTS (KOHA)
Source of classification or shelving scheme Dewey Decimal Classification
Koha item type BOOKs
Holdings
Withdrawn status Lost status Damaged status Not for loan Home library Current library Shelving location Date acquired Cost, normal purchase price Total Checkouts Full call number Barcode Date last seen Date last checked out Price effective from Koha item type Source of classification or shelving scheme Collection code Public note
        . .   30.05.2017 1295.00 1 346.0486 SAT 30350 06.11.2019 04.11.2019 30.05.2017 BOOKs      
        . . Library Compactors 14.02.2024     346.0486 SAT-2 02/MSME 14.02.2024   14.02.2024 CIPRA Office Library Collection Dewey Decimal Classification Book Section From CIPRA office library collection